000 00330 a2200145 4500
001 185727
020 _a
040 _cMagnum
100 _aCasasanta, Therezinha
240 1 0 _aA porquinha do rabinho enrolado
_lpor
245 1 0 _aA porquinha do rabinho enrolado
300 _a31
697 _aLITERATURA INFANTIL
942 _cBK
999 _c185727
_d185727